| Tag |
First Indicator |
Second Indicator |
Subfields |
| LEADER |
00000cam a2200000 a 4500 |
| 001 |
in00002139462 |
| 006 |
m e d # |
| 007 |
cr mn mmmmabba |
| 008 |
830817s1753 ctu s 000 0 eng d |
| 005 |
20260331162719.4 |
| 035 |
|
|
|z w020941
|
| 035 |
|
|
|a MAAR8308173907B
|
| 035 |
|
|
|9 mwa91-31768
|
| 035 |
|
|
|a 317194
|
| 035 |
|
|
|a aas03020941
|
| 040 |
|
|
|a MWA
|c MWA
|e bdrb
|d UtOrBLW
|
| 100 |
1 |
|
|a Devotion, Ebenezer,
|d 1714-1771.
|
| 245 |
1 |
4 |
|a The work of the Gospel ministry a great work :
|b A sermon delivered at the ordination of the Reverend Mr. David Ripley to the pastoral office over the church and congregation in Abington in Pomfret. On the twenty-first of February, 1753. /
|c By Ebenezer Devotion, A.M. Pastor of a church in Windham.
|
| 264 |
|
3 |
|a New-London [Conn.] :
|b Printed and sold by T. Green,
|c 1753.
|
| 300 |
|
|
|a 4 unnumbered pages, 39 pages, 1 unnumbered page ;
|c 16 cm. (octavo)
|
| 336 |
|
|
|a text
|b txt
|2 rdacontent
|
| 337 |
|
|
|a computer
|b c
|2 rdamedia
|
| 338 |
|
|
|a online resource
|b cr
|2 rdacarrier
|
| 500 |
|
|
|a Half-title: Mr. Devotion's sermon at Mr. Ripley's ordination.
|
| 510 |
4 |
|
|a Evans
|c 6990
|
| 510 |
4 |
|
|a Trumbull, J.H. Connecticut,
|c 571
|
| 510 |
4 |
|
|a Johnson, H.A. New London,
|c 582
|
| 530 |
|
|
|a Microform version available in the Readex Early American Imprints series.
|
| 533 |
|
|
|a Electronic text and image data.
|b [Chester, Vt. :
|c Readex, a division of Newsbank, Inc.,
|d 2002-2004.
|e Includes files in TIFF, GIF and PDF formats with inclusion of keyword searchable text.
|f (Early American imprints. First series ; no. 6990).
|
| 500 |
|
|
|a Electronic resource.
|
| 600 |
1 |
0 |
|a Ripley, David,
|d 1731-1785.
|
| 655 |
|
7 |
|a Ordination sermons
|y 1753.
|2 rbgenr
|
| 710 |
2 |
|
|a First Church and Society (Abington, Conn.)
|
| 752 |
|
|
|a United States
|b Connecticut
|d New London.
|
| 830 |
|
0 |
|a Early American imprints.
|n Series I,
|p Evans (1639-1800) ;
|v no. 6990.
|
| 856 |
4 |
1 |
|u http://proxy.library.tamu.edu/login?url=https://opac.newsbank.com/select/evans/6990
|y Evans Digital Edition
|t 0
|
| 999 |
|
|
|a MARS
|
| 999 |
f |
f |
|s 34eb17a9-ac10-3bd1-9bd5-f6549ab4c57d
|i fe6cb738-3a8b-36c8-88bd-0abe34e50334
|t 0
|
| 952 |
f |
f |
|a Texas A&M University
|b College Station
|c Electronic Resources
|s www_evans
|d Available Online
|t 0
|h No information provided
|
| 998 |
f |
f |
|t 0
|l Available Online
|